| 000 | 00604cam a22001577a 4500 | ||
|---|---|---|---|
| 008 | 180718b1957 xxu||||| |||| 00| 0 eng d | ||
| 082 | _aD78x73 Am35 | ||
| 100 | _aAmerican, Assembly | ||
| 245 |
_aInternational stability and progress: United States interests and instruments _cby Assembly American |
||
| 260 |
_aNew York _bAmerican Assembly _c1957 |
||
| 300 | _aix,184p. | ||
| 500 | _aBackground papers and final report of the Assembly/held on May 2-5 1957 | ||
| 650 | _aUnited States --Foreign relations --1945- | ||
| 650 | _aEconomic assistance, American | ||
| 650 | _aInternational economic relations | ||
| 999 |
_c477840 _d477840 |
||